Normal view
MARC view
- DeshpandeD.A.RangoleP.K
Entry Personal Name
001 - CONTROL NUMBER
- control field: 129257
003 - CONTROL NUMBER IDENTIFIER
- control field: OSt
005 - DATE AND TIME OF LATEST TRANSACTION
- control field: 20230313121940.0
008 - FIXED-LENGTH DATA ELEMENTS
- fixed length control field: 230313|| aca||aabn | a|a d
040 ## - CATALOGING SOURCE
- Original cataloging agency: OSt
- Transcribing agency: OSt
100 ## - HEADING--PERSONAL NAME
- Personal name: DeshpandeD.A.RangoleP.K
670 ## - SOURCE DATA FOUND
- Source citation: Work cat.: (OSt)103888: Deshpande N.D. 129256, Communication Electronics